Personnalités descendantes de Saint-Louis - Statistiques

Statistiques générales
  • Ce quiz a été pris 30 fois
  • Le résultat moyen est 21 sur 53
Statistiques - réponses
Indices Réponse % Correct
Ecrivaine - Philosophe - Paris - née en 1908 Simone de {Beauvoir}
100%
Président des Etats-Unis - Honolulu - né en 1961 Barack {Obama}
88%
Président des Etats-Unis - Milliardaire - blond - née en 1946 Donald {Trump}
79%
Reine - Angleterre - + en 2022 {Elisabeth} II
79%
Président des Etats-Unis - Mount Vernon + + en 1799 George {Washington}
75%
Président des Etats-Unis - Fils de - né en 1946 George W. {Bush}
75%
Prince prussien - Ministre - + en 1898 Otton von {Bismarck}
71%
Premier ministre britannique - Officier - + en 1965 Winston {Churchill}
71%
Chodron de Courcel - Femme politique - née en 1933 Bernadette {Chirac}
67%
Acteur britannique - Bond - Reine - né en 1968 Daniel {Craig}
67%
Princesse anglaise - Spencer - + en 1997 Diana {Spencer}
67%
Chanteuse - Actrice - Gainsbourg - + en 2023 Jane {Birkin}
67%
Empereur - Président - né en 1808 - + en Angleterre Louis Napoléon {Bonaparte}
67%
Tsar - Exécuté - Grande Guerre - + en 1917 {Nicolas} II
63%
Princesse anglaise - William - née en 1982 Catherine {Middleton}
58%
Ecrivain - Académicien - né en 1917 Jean d'{Ormesson}
58%
Officier aviateur - Ecrivain - Lyon - + en 1944 Antoine de {Saint-Exupéry}
50%
Acteur britannique - 4 mariages... - né en 1960 Hugh {Grant}
50%
Mannequin - Noble - née en 1957 Inès de {La Fressange}
50%
Prince - Grace - Rainier {Albert} II
46%
Acteur américain - Fils de - né en 1944 Michael {Douglas}
46%
Shand - Reine - Charles - née en 1947 Camilla {Parker-Bowles}
42%
Homme politique - Ministre - Vendéen - né en 1949 Philippe de {Villiers}
42%
Actrice - Réalisatrice - née en 1955 Charlotte de {Turckheim}
38%
Premier ministre britannique - Conservateur - né en 1966 David {Cameron}
38%
Ecrivain - Poète - Saint-Malo - + en 1848 François-René de {Chateaubriand}
38%
Comte de Paris - Louis-Philippe - né en 1965 Jean d'{Orléans}
38%
Roi - Bourbon - Né en 1968 {Philippe} VI
38%
Duchesse anglaise - Andrew - née en 1959 Sarah {Ferguson}
38%
Actrice britannique - Mannequin - née en Belgique - + en 1993 Audrey {Hepburn}
33%
Historienne - Femme politique - Russie - née en 1929 Hélène {Carrère d'Encausse}
33%
Réalisateur italien - Comte - Guépard - + en 1976 Luchino {Visconti}
33%
Sauvage de Brantes - Epouse - née en 1933 Anne-Aymone {Giscard d'Estaing}
29%
Navigateur - Breton né dans la Sarthe - né en 1944 Olivier de {Kersauson}
29%
Jetsetteuse - Noble - Essayiste - née en 1966 Hermine de {Clermont-Tonnerre}
25%
Acteur britannique - Gay - né en 1959 Rupert {Everett}
25%
Ingénieur d'origine allemande - Américain - + en 1977 Wernher von {Braun}
25%
Eveque - Ministre - Napoléon - + en 1838 Charles-Maurice de {Talleyrand-Périgord}
21%
Baron - Wendel - né en 1937 Ernest-Antoine {Sellière}
21%
Missoffe - Femme politique - Paris - née en 1948 Françoise de {Panafieu}
21%
Actrice américaine - La Petite - née en 1965 Brooke {Shields}
17%
Ecrivain - Critique - Animateur - né en 1965 Frédéric {Beigbeder}
17%
Homme politique - Ministre - né en 1938 Hervé de {Charette}
17%
d'Udexem - Reine - Philippe - née en 1973 {Mathilde}
17%
Romancier - Dramaturge - + en 1972 Henry de {Montherlant}
13%
Officier - Prêtre - Strasbourg - né en 1858 Charles de {Foucauld}
8%
Marquis - Journaliste politique - né en 1931 François-Henri de {Virieu}
8%
Industriel américain - Milliardaire - Fondation - + en 1937 John Davison {Rockefeller}
8%
Homme politique - Résistant - Ministre - + en 2002 Michel {Poniatowski}
8%
Journaliste - Animateur de tv - Disparu - + en 1985 Philippe de {Dieuleveult}
8%
Prince italien - Prétendant - Animateur - né en 1972 {Emmanuel-Philibert} de Savoie
4%
Infirmière - Ange de Dien Bien Phu - née en 1925 Geneviève de {Galard}
4%
Journaliste - Reporter - né à Madrid en 1951 Alain de {Chalvron}
0%
Aucun quiz correspondant
Distribution des résultats
% des personnes avec chaque résultat
Percentile par nombre de réponses
Votre historique - résultats
Vous n’avez pas pris ce quiz